000 00210 a2200097 4500
001 46635
100 _aKhalid, Abdul Aziz
245 _aHadiath Khawab
260 _aRawalpindi
_bMaora
_c
090 _c29736
_d29736
942 _aNUST-CAE
_cM
_c21931
999 _c281708
_d281708